| 000 | 01253cam a22003737a 4500 | ||
|---|---|---|---|
| 003 | CHAP | ||
| 005 | 20250619142451.0 | ||
| 008 | 050914d2005 mx a r 00110 spa d | ||
| 010 | _a90922 | ||
| 011 | _a91894 | ||
| 020 | _a9682405211 | ||
| 035 | _a102457 | ||
| 040 | _cCHAP | ||
| 082 | 0 | 4 |
_a636.213 _bL48 |
| 100 | 0 | 0 |
_aLesur, Luis _ecoord. _966363 |
| 245 | 1 | 0 |
_aManual de ganado bovino para carne : _buna guía paso a paso _c/coord. por Luis Lesur |
| 260 |
_aMéxico, D. F. : _bTrillas, _c2005. |
||
| 300 |
_a79 p. : _bilus. |
||
| 490 | 0 | _aCómo hacer bien y fácilmente | |
| 590 |
_aBATCH-UPD _b10 _c20130110 _lUCH01 _h0422 |
||
| 590 |
_aBATCH-UPD _b10 _c20130410 _lUCH01 _h0057 |
||
| 590 |
_aBATCH-UPD _b10 _c20130410 _lUCH01 _h1612 |
||
| 590 |
_aBATCH-UPD _b10 _c20130914 _lUCH01 _h1043 |
||
| 590 |
_aCONVERSION _b10 _c20130109 _lUCH01 _h1350 |
||
| 650 | 1 | 4 |
_aGanado de carne. _945067 |
| 650 | 1 | 4 |
_aGanado de carne _xAlimentación. _945068 |
| 650 | 1 | 4 |
_aGanado de carne _xMejoramiento. _945091 |
| 650 | 1 | 4 |
_aGanado de carne _xReproducción. _945108 |
| 830 | 0 | 0 |
_aCómo hacer bien y fácilmente _927736 |
| 901 | _aBK | ||
| 905 | _aLilia | ||
| 942 | _cLIBRO | ||
| 949 |
_a636.213 L48 _bBC _cLIBRO _d33724000958187 _eLIBRO _gI.c/e _h106884 _i102457 _si _t$160.00 |
||
| 999 |
_c90922 _d90922 |
||